Communes de la métropole de Lyon - Statistiques

Statistiques générales
  • Ce quiz a été pris 477 fois
    376 depuis la dernière actualisation
  • Le résultat moyen est 23 sur 58
Réponses sur la Carte
Les réponses sont colorées sur une échelle allant du rouge au vert en fonction du pourcentage des utilisateurs qui les ont devinées à leur premier essai. Vous pouvez retrouver ces pourcentages ci-dessous.
 
Statistiques - réponses
# Population Réponse % Correct
1 520k Lyon
96%
2 162k Villeurbanne
92%
3 66k Vénissieux
85%
7 42k Bron
78%
4 52k Vaulx-en-Velin
73%
5 49k Saint-Priest
70%
6 43k Caluire-et-Cuire
66%
11 30k Décines-Charpieu
65%
8 38k Oullins-Pierre-Bénite
61%
9 36k Meyzieu
59%
12 23k Tassin-la-Demi-Lune
58%
15 21k Givors
56%
17 18k Ecully
55%
16 19k Saint-Fons
53%
13 22k Sainte-Foy-lès-Lyon
52%
24 10k Feyzin
47%
10 31k Rillieux-la-Pape
47%
14 21k Saint-Genis-Laval
46%
18 15k Francheville
45%
33 6k Saint-Cyr-au-Mont-d'Or
44%
26 9k Dardilly
43%
20 12k Craponne
41%
32 6k Champagne-au-Mont-d'Or
40%
42 4k Limonest
39%
28 7k Saint-Didier-au-Mont-d'Or
39%
21 11k Chassieu
38%
31 7k La Mulatière
37%
27 8k Neuville-sur-Saône
37%
22 11k Corbas
36%
34 6k Jonage
36%
40 5k Collonges-au-Mont-d'Or
35%
23 10k Grigny-sur-Rhône
33%
43 4k Marcy-l'Etoile
31%
19 14k Mions
31%
29 7k Sathonay-Camp
31%
50 3k Saint-Germain-au-Mont-d'Or
29%
25 9k Irigny
28%
30 7k Fontaines-sur-Saône
27%
37 5k Charbonnières-les-Bains
26%
53 2k Sathonay-Village
26%
51 3k Cailloux-sur-Fontaines
25%
52 3k Couzon-au-Mont-d'Or
25%
35 6k Genay
25%
44 4k Quincieux
24%
49 3k Albigny-sur-Saône
23%
41 4k La Tour-de-Salvagny
23%
39 5k Charly
22%
36 5k Saint-Genis-les-Ollières
21%
38 5k Vernaison
21%
47 3k Solaize
20%
48 3k Fontaines-Saint-Martin
19%
46 3k Lissieu
19%
54 2k Fleurieu-sur-Saône
18%
56 1k Poleymieux-au-Mont-d'Or
18%
55 2k Rochetaillée-sur-Saône
18%
57 1k Saint-Romain-au-Mont-d'Or
18%
58 1k Curis-au-Mont-d'Or
17%
45 3k Montanay
17%
Aucun quiz correspondant
Distribution des résultats
% des personnes avec chaque résultat
Percentile par nombre de réponses
Votre historique - résultats
Vous n’avez pas pris ce quiz depuis la dernière actualisation